000 00685nam a2200229Ia 4500
003 OSt
005 20220918213254.0
006 a|||||r|||| 00| 0
007 ta
008 220917b |||||||| |||| 00| 0 eng d
024 _a131,968
037 _cTextual
040 _aARTS
_cARTS
_beng
041 _2eng
_aeng
082 _aX:73(J3).2, M3
100 _aGeorge P S
_9126306
245 0 _aGovernment interventions in food grain markets
_b procurement and public distribution of food grains in India
260 _aAhmedabad
_bIndian Inst Of Management
_c1983
650 _aECONOMICS
942 _hX:73(J3).2, M3
_cTEXL
_2CC
999 _c255090
_d255090